000 01061cam a2200337 4500
001 J90334
008 090401t1997 xxu||||| |||| 00| 0 eng d
035 _a(Sirsi) u84797
041 _aeng
050 _a336.21
100 _aFirth, A.
245 4 _aThe non-domestic rating 1995 valuation list transitional arrangements manual.
250 _a2nd ed.
260 _aHolmfirth, W. Yorks.
_bA. Firth
_c1997
300 _a92 leaves ; 30cm.
350 _a75
520 _aA comprehensive manual detailing the legislation governing, and the method of calculation of, the busines rate payable after the 1995 revaluation and various types of rateable value amendments.
650 _aRATING REVALUATION 1995
650 _aBUSINESS RATES
650 _aCHARGEABLE AMOUNTS
650 _aMERGERS
650 _aNON-DOMESTIC
650 _aRATEABLE VALUES
650 _aRECONSTRUCTION
650 _aSPLITS
650 _aTRANSITIONAL ARRANGEMENTS
650 _aVALUATION LIST
690 _aRATING AND VALUATION
942 _n0
948 _c11/03/1998
999 _c96977
_d96977